[Event "36. Abierto Ciudad de Sevilla"]
[Site "Sevilla ESP"]
[Date "2011.01.10"]
[Round "4.21"]
[White "Montero Campuzano, Rafael"]
[Black "Stella, Andrea"]
[Result "0-1"]
[WhiteElo "2069"]
[BlackElo "2361"]
[PlyCount "83"]
[EventDate "2011.01.07"]
[EventType "swiss"]
[EventRounds "9"]
[EventCountry "ESP"]
[Source "lmi"]
[SourceDate "2011.01.07"]

1. c4 b6 2. Nc3 Bb7 3. e4 e6 4. d4 Bb4 5. Bd3 f5 6. Qe2 Nf6 7. Bg5 fxe4 8. Bxe4
Bxe4 9. Bxf6 Qxf6 10. Qxe4 O-O 11. Nf3 Nc6 12. O-O Bxc3 13. bxc3 Qf5 14. Qe2 d6
15. c5 dxc5 16. dxc5 bxc5 17. Rae1 Rad8 18. Qxe6+ Qxe6 19. Rxe6 Rf6 20. Rfe1
Rxe6 21. Rxe6 Rd1+ 22. Re1 Rxe1+ 23. Nxe1 Kf7 24. f3 Ne7 25. c4 Nf5 26. Nd3 Nd6
27. Nb2 Ke6 28. Kf2 Ke5 29. Ke2 Kd4 30. Kd2 h5 31. Nd3 Nxc4+ 32. Ke2 g5 33. h4
gxh4 34. Nf4 Ne3 35. a4 c4 36. Ne6+ Ke5 37. Nxc7 Nxg2 38. Kf2 Nf4 39. Nb5 h3
40. Kg3 h4+ 41. Kh2 a6 42. Nc3 0-1

[Event "36. Abierto Ciudad de Sevilla"]
[Site "Sevilla ESP"]
[Date "2011.01.11"]
[Round "5.3"]
[White "Campora, Daniel H"]
[Black "Korneev, Oleg"]
[Result "1-0"]
[WhiteElo "2488"]
[BlackElo "2576"]
[PlyCount "25"]
[EventDate "2011.01.07"]
[EventType "swiss"]
[EventRounds "9"]
[EventCountry "ESP"]
[Source "lmi"]
[SourceDate "2011.01.07"]

1. e4 c5 2. Nf3 d6 3. d4 Nf6 4. dxc5 Nxe4 5. cxd6 Nc6 6. Nbd2 Nxd6 7. Nc4 e5 8.
Be3 Be6 9. Nxd6+ Bxd6 10. c3 h6 11. Qa4 O-O 12. Bc4 Qe7 13. O-O-O 1-0

[Event "36. Abierto Ciudad de Sevilla"]
[Site "Sevilla ESP"]
[Date "2011.01.11"]
[Round "5.4"]
[White "Spraggett, Kevin"]
[Black "Lalic, Bogdan"]
[Result "1/2-1/2"]
[WhiteElo "2575"]
[BlackElo "2491"]
[PlyCount "43"]
[EventDate "2011.01.07"]
[EventType "swiss"]
[EventRounds "9"]
[EventCountry "ESP"]
[Source "lmi"]
[SourceDate "2011.01.07"]

1. d4 Nf6 2. c4 g6 3. Nc3 d5 4. Bg5 Ne4 5. Bh4 Nxc3 6. bxc3 dxc4 7. e3 Be6 8.
Nf3 Bg7 9. Be2 O-O 10. O-O c5 11. Ng5 Bd5 12. e4 h6 13. exd5 hxg5 14. Bxg5 cxd4
15. Bxc4 dxc3 16. Qe2 Bf6 17. Bxf6 exf6 18. Rac1 Qd6 19. Rxc3 Nd7 20. Re3 Kg7
21. Rd1 Nc5 22. g3 1/2-1/2

[Event "36. Abierto Ciudad de Sevilla"]
[Site "Sevilla ESP"]
[Date "2011.01.11"]
[Round "5.9"]
[White "Das, Arghyadip"]
[Black "Haslinger, Stewart G"]
[Result "0-1"]
[WhiteElo "2479"]
[BlackElo "2536"]
[PlyCount "68"]
[EventDate "2011.01.07"]
[EventType "swiss"]
[EventRounds "9"]
[EventCountry "ESP"]
[Source "lmi"]
[SourceDate "2011.01.07"]

1. e4 d6 2. d4 Nf6 3. Nc3 e5 4. Nge2 c6 5. f3 h5 6. Be3 Be7 7. g3 Nbd7 8. a4 b6
9. h3 a6 10. Bg2 Bb7 11. g4 hxg4 12. fxg4 Nh7 13. Ng3 g6 14. d5 Bh4 15. Bf2 c5
16. Qd3 Ng5 17. Rf1 c4 18. Qxc4 Nxh3 19. Bxh3 Bxg3 20. Bxg3 Rxh3 21. Bf2 Rc8
22. Qb4 Qg5 23. Bxb6 Nxb6 24. Qxb6 Rh2 25. Rf2 Qh4 26. Ke2 Qxg4+ 27. Kd2 Qf4+
28. Ke2 Rxc3 29. bxc3 Qxe4+ 30. Kd2 Qf4+ 31. Ke2 Qe4+ 32. Kd2 Qf4+ 33. Ke2 Bxd5
34. Raf1 Bf3+ 0-1

[Event "36. Abierto Ciudad de Sevilla"]
[Site "Sevilla ESP"]
[Date "2011.01.11"]
[Round "5.10"]
[White "Sengupta, Deep"]
[Black "Bellia, Fabrizio"]
[Result "1-0"]
[WhiteElo "2530"]
[BlackElo "2417"]
[PlyCount "113"]
[EventDate "2011.01.07"]
[EventType "swiss"]
[EventRounds "9"]
[EventCountry "ESP"]
[Source "lmi"]
[SourceDate "2011.01.07"]

1. d4 Nf6 2. c4 e6 3. Nc3 d5 4. cxd5 exd5 5. Bg5 c6 6. e3 Be7 7. Bd3 Ne4 8.
Bxe7 Qxe7 9. Qc2 Nxc3 10. bxc3 h6 11. Ne2 O-O 12. Ng3 c5 13. O-O Nc6 14. Qd2
Be6 15. Rae1 Rac8 16. Bb1 Qd7 17. f3 a6 18. Rf2 f5 19. Qd3 Na5 20. Ne2 Nc4 21.
Nf4 Na3 22. dxc5 Rxc5 23. Qd4 b6 24. Bd3 Nb5 25. Bxb5 Rxb5 26. Rd2 Rc5 27. Rb1
Qd6 28. Rxb6 Qxb6 29. Nxe6 Qxe6 30. Qxc5 Rc8 31. Qxd5 Qxd5 32. Rxd5 Rxc3 33.
Rxf5 Rxe3 34. a4 Rc3 35. Kf2 Rc4 36. Ra5 Rc6 37. h4 Kf7 38. h5 Kf6 39. Ke3 Ke6
40. Kd4 Kd6 41. Rd5+ Ke7 42. Rc5 Rd6+ 43. Kc4 Rd2 44. g4 Rf2 45. Rf5 Rb2 46.
Kc5 Rb1 47. Kc6 Rb3 48. a5 Rb4 49. Kc7 Rb3 50. Re5+ Kf6 51. Rc5 Rxf3 52. Rf5+
Rxf5 53. gxf5 Kxf5 54. Kb6 g5 55. hxg6 Kxg6 56. Kxa6 h5 57. Kb6 1-0

[Event "36. Abierto Ciudad de Sevilla"]
[Site "Sevilla ESP"]
[Date "2011.01.11"]
[Round "5.13"]
[White "Corrales Jimenez, Fidel"]
[Black "Estrada Martinez, Cesar"]
[Result "1-0"]
[WhiteElo "2591"]
[BlackElo "2167"]
[PlyCount "89"]
[EventDate "2011.01.07"]
[EventType "swiss"]
[EventRounds "9"]
[EventCountry "ESP"]
[Source "lmi"]
[SourceDate "2011.01.07"]

1. e4 c6 2. c4 g6 3. d4 Bg7 4. Nc3 d6 5. Be3 Nf6 6. f3 O-O 7. Bd3 e5 8. d5 Nh5
9. Nge2 f5 10. Qd2 f4 11. Bf2 c5 12. a3 g5 13. b4 b6 14. Rb1 g4 15. Kd1 Bf6 16.
Qe1 Kh8 17. Kc2 Rg8 18. Rg1 a6 19. bxc5 bxc5 20. Na4 Nd7 21. fxg4 Rxg4 22. Nc1
Rg8 23. Be2 Ng7 24. Rb3 Rb8 25. g4 Rxb3 26. Nxb3 Nb6 27. Nc3 Bd7 28. h4 Na4 29.
g5 Be7 30. Nb1 Qb6 31. N1d2 Be8 32. Bg4 a5 33. Qf1 Nb2 34. Qh3 a4 35. Nc1 Bg6
36. Qc3 Rb8 37. Bf3 Be8 38. Ne2 Nxc4 39. Nxc4 Qa6 40. Nc1 Bb5 41. Be2 f3 42.
Bd3 Nh5 43. Nxe5 dxe5 44. Qxe5+ Ng7 45. Qxb8+ 1-0

[Event "36. Abierto Ciudad de Sevilla"]
[Site "Sevilla ESP"]
[Date "2011.01.11"]
[Round "5.15"]
[White "Urbina Perez, Juan Antonio"]
[Black "Komljenovic, Davorin"]
[Result "0-1"]
[WhiteElo "2189"]
[BlackElo "2457"]
[PlyCount "94"]
[EventDate "2011.01.07"]
[EventType "swiss"]
[EventRounds "9"]
[EventCountry "ESP"]
[Source "lmi"]
[SourceDate "2011.01.07"]

1. e4 c5 2. Nf3 d6 3. d4 cxd4 4. Nxd4 Nf6 5. Nc3 a6 6. Be3 h5 7. f3 e6 8. Qd2
Qc7 9. O-O-O b5 10. Bd3 Bb7 11. Rhe1 Be7 12. h3 h4 13. a3 Nbd7 14. Bg5 Ne5 15.
f4 Nxd3+ 16. Qxd3 O-O-O 17. Nf3 Nh5 18. Qe3 Bxg5 19. fxg5 Qc5 20. Qxc5+ dxc5
21. Rxd8+ Kxd8 22. Ne5 Kc7 23. Rf1 f6 24. Ng6 Rg8 25. gxf6 gxf6 26. Nxh4 Kd6
27. g4 b4 28. Ne2 Ng7 29. Rxf6 Bxe4 30. Rf4 Kd5 31. Ng3 Rh8 32. Nxe4 Rxh4 33.
Nf2 e5 34. Rf7 Ne6 35. Rd7+ Kc6 36. Ra7 Nc7 37. axb4 cxb4 38. Kd2 Kb6 39. Rxc7
Kxc7 40. Ke3 Kd6 41. Kf3 Kd5 42. Kg3 Rh8 43. g5 Rc8 44. Nd3 a5 45. Ne1 a4 46.
Nd3 Rb8 47. Kg4 a3 0-1

[Event "36. Abierto Ciudad de Sevilla"]
[Site "Sevilla ESP"]
[Date "2011.01.11"]
[Round "5.17"]
[White "Van Hoolandt, Patrick"]
[Black "Barrero Garcia, Carlos"]
[Result "1/2-1/2"]
[WhiteElo "2158"]
[BlackElo "2395"]
[PlyCount "69"]
[EventDate "2011.01.07"]
[EventType "swiss"]
[EventRounds "9"]
[EventCountry "ESP"]
[Source "lmi"]
[SourceDate "2011.01.07"]

1. d4 Nf6 2. c4 g6 3. Nc3 Bg7 4. e4 d6 5. Nf3 O-O 6. Be3 Na6 7. Be2 e5 8. O-O
Ng4 9. Bg5 Qe8 10. dxe5 dxe5 11. h3 h6 12. Bd2 Nf6 13. Be3 b6 14. a3 Bb7 15.
Qc2 Nc5 16. Bxc5 bxc5 17. Nd5 Qb8 18. b4 Nh5 19. bxc5 c6 20. Rab1 cxd5 21. c6
Qc7 22. cxb7 Rab8 23. exd5 Nf4 24. Rfd1 Rfd8 25. Ne1 Bf8 26. Bg4 f5 27. g3 fxg4
28. gxf4 Kh7 29. hxg4 exf4 30. Kg2 Bxa3 31. f3 Rxb7 32. Rxb7 Qxb7 33. c5 Qc7
34. c6 a5 35. Qd3 1/2-1/2

[Event "36. Abierto Ciudad de Sevilla"]
[Site "Sevilla ESP"]
[Date "2011.01.11"]
[Round "5.18"]
[White "Stella, Andrea"]
[Black "Valenti, Giuseppe"]
[Result "1-0"]
[WhiteElo "2361"]
[BlackElo "2133"]
[PlyCount "65"]
[EventDate "2011.01.07"]
[EventType "swiss"]
[EventRounds "9"]
[EventCountry "ESP"]
[Source "lmi"]
[SourceDate "2011.01.07"]

1. Nf3 d6 2. d4 g6 3. e4 Bg7 4. c4 c6 5. Nc3 Nf6 6. Be2 Qa5 7. O-O Bg4 8. Be3
Nbd7 9. Nd2 Bxe2 10. Qxe2 Qh5 11. f3 O-O 12. Rac1 Qa5 13. f4 e5 14. fxe5 dxe5
15. d5 Rac8 16. a3 Qa6 17. h3 Nh5 18. Qg4 Ndf6 19. Qf3 Nf4 20. Bxf4 exf4 21.
Qxf4 Qb6+ 22. Kh1 Nh5 23. c5 Qxc5 24. Qf3 Be5 25. Ne2 Qb5 26. Nc4 cxd5 27. Nxe5
dxe4 28. Qxf7+ Rxf7 29. Rxc8+ Kg7 30. Rxf7+ Kh6 31. Ng4+ Kg5 32. Rc2 Qd3 33.
Rfc7 1-0

[Event "36. Abierto Ciudad de Sevilla"]
[Site "Sevilla ESP"]
[Date "2011.01.11"]
[Round "5.19"]
[White "Estrada Nieto, Julian"]
[Black "Fernandez-Martos Machado, Eduar"]
[Result "1-0"]
[WhiteElo "2309"]
[BlackElo "2129"]
[PlyCount "110"]
[EventDate "2011.01.07"]
[EventType "swiss"]
[EventRounds "9"]
[EventCountry "ESP"]
[Source "lmi"]
[SourceDate "2011.01.07"]

1. e4 Nf6 2. e5 Nd5 3. d4 d6 4. Nf3 dxe5 5. Nxe5 c6 6. Be2 Bf5 7. O-O Nd7 8.
Nf3 e6 9. a3 Bd6 10. Re1 O-O 11. c4 N5f6 12. Nc3 Qc7 13. h3 Rad8 14. Be3 Rfe8
15. Qc1 e5 16. d5 Nc5 17. Ra2 Nd3 18. Bxd3 Bxd3 19. c5 Bxc5 20. Bxc5 cxd5 21.
Bxa7 b6 22. Nxd5 Qxa7 23. Nxf6+ gxf6 24. Qh6 Re6 25. Rxe5 Rxe5 26. Nxe5 Bb1 27.
Ng4 Rd1+ 28. Kh2 Qc7+ 29. g3 Rd6 30. Ra1 Bg6 31. Re1 Qd8 32. Qf4 Kg7 33. h4 h5
34. Ne3 Rd2 35. b4 Qd3 36. Kg1 Be4 37. Ng4 hxg4 38. Qxe4 Qxe4 39. Rxe4 f5 40.
Re3 Kf6 41. Kg2 Ra2 42. Rc3 b5 43. Rc5 Rxa3 44. Rxb5 Rb3 45. Rb6+ Kg7 46. b5
Rb2 47. Rb8 Kh7 48. b6 Kh6 49. b7 Kg7 50. Kf1 Kh7 51. Ke1 Kg7 52. Kd1 Kh7 53.
Kc1 Rb4 54. Kc2 Kg7 55. Kc3 Kf6 1-0

[Event "36. Abierto Ciudad de Sevilla"]
[Site "Sevilla ESP"]
[Date "2011.01.11"]
[Round "5.20"]
[White "Piasetski, Leon"]
[Black "Kierzek, Matthias Dr."]
[Result "1-0"]
[WhiteElo "2303"]
[BlackElo "2127"]
[PlyCount "67"]
[EventDate "2011.01.07"]
[EventType "swiss"]
[EventRounds "9"]
[EventCountry "ESP"]
[Source "lmi"]
[SourceDate "2011.01.07"]

1. c4 Nf6 2. Nf3 e6 3. d4 d5 4. Nc3 c5 5. cxd5 Nxd5 6. e3 Nc6 7. Bd3 Be7 8. O-O
cxd4 9. exd4 O-O 10. Re1 Bf6 11. Be4 Nce7 12. Ne5 Bd7 13. Qd3 g6 14. Bh6 Bg7
15. Qh3 Bc6 16. Rad1 Nxc3 17. Bxg7 Ne2+ 18. Rxe2 Kxg7 19. Nxc6 Nxc6 20. Bxc6
bxc6 21. Qc3 Rc8 22. d5+ Kg8 23. d6 Qd7 24. Re5 Rb8 25. Rc5 Rb6 26. h4 Rfb8 27.
b3 Rc8 28. h5 Rb5 29. h6 f5 30. Rc1 Rxc5 31. Qxc5 Rd8 32. Qxc6 Kf7 33. Qc3 Kg8
34. Qe5 1-0

[Event "36. Abierto Ciudad de Sevilla"]
[Site "Sevilla ESP"]
[Date "2011.01.12"]
[Round "6.1"]
[White "Gonzalez Garcia, Jose"]
[Black "Abbasov, Farid"]
[Result "1/2-1/2"]
[WhiteElo "2503"]
[BlackElo "2537"]
[PlyCount "45"]
[EventDate "2011.01.07"]
[EventType "swiss"]
[EventRounds "9"]
[EventCountry "ESP"]
[Source "lmi"]
[SourceDate "2011.01.07"]

1. d4 Nf6 2. c4 g6 3. g3 Bg7 4. Bg2 O-O 5. Nc3 d6 6. Nf3 c5 7. d5 e5 8. O-O Na6
9. e4 Nc7 10. Ne1 b5 11. cxb5 a6 12. b6 Nb5 13. Nxb5 axb5 14. b4 c4 15. a4 Qxb6
16. a5 Qb8 17. Bb2 Qa7 18. Nc2 Ng4 19. h3 Nh6 20. g4 f6 21. Kh1 Nf7 22. Qc1 Qc7
23. Ra3 1/2-1/2

[Event "36. Abierto Ciudad de Sevilla"]
[Site "Sevilla ESP"]
[Date "2011.01.12"]
[Round "6.2"]
[White "Haslinger, Stewart G"]
[Black "Campora, Daniel H"]
[Result "1-0"]
[WhiteElo "2536"]
[BlackElo "2488"]
[PlyCount "69"]
[EventDate "2011.01.07"]
[EventType "swiss"]
[EventRounds "9"]
[EventCountry "ESP"]
[Source "lmi"]
[SourceDate "2011.01.07"]

1. e4 e5 2. Nf3 Nc6 3. d4 exd4 4. Nxd4 Bb4+ 5. c3 Bc5 6. Be3 Bb6 7. Qg4 Nf6 8.
Qxg7 Rg8 9. Qh6 Rg6 10. Qf4 Rg4 11. Nxc6 dxc6 12. Qe5+ Be6 13. Nd2 Bxe3 14.
fxe3 Qe7 15. g3 O-O-O 16. Bh3 Nd7 17. Qh5 Rg5 18. Qh4 Ne5 19. Bxe6+ fxe6 20.
O-O-O Qc5 21. Kb1 Qxe3 22. Qf4 Qd3+ 23. Ka1 h6 24. Nb1 Qe2 25. Rhe1 Qh5 26.
Rxd8+ Kxd8 27. Qf8+ Kd7 28. Rf1 c5 29. Qxc5 b6 30. Qf8 Qe2 31. Rf2 Qxe4 32. Rf4
Qe1 33. Rd4+ Kc6 34. Qa8+ Kb5 35. a4+ 1-0

[Event "36. Abierto Ciudad de Sevilla"]
[Site "Sevilla ESP"]
[Date "2011.01.12"]
[Round "6.3"]
[White "Teske, Henrik"]
[Black "Sengupta, Deep"]
[Result "0-1"]
[WhiteElo "2520"]
[BlackElo "2530"]
[PlyCount "62"]
[EventDate "2011.01.07"]
[EventType "swiss"]
[EventRounds "9"]
[EventCountry "ESP"]
[Source "lmi"]
[SourceDate "2011.01.07"]

1. Nf3 d5 2. d4 e6 3. c4 c6 4. Nbd2 Nf6 5. e3 c5 6. cxd5 exd5 7. dxc5 Bxc5 8.
Nb3 Bb6 9. Bb5+ Nc6 10. Bd2 Ne4 11. Rc1 O-O 12. O-O Qd6 13. Nbd4 Bd7 14. Ne2
Bg4 15. Ng3 Rad8 16. Bc3 Nxc3 17. bxc3 f5 18. c4 Ne5 19. cxd5 Bxf3 20. gxf3 f4
21. exf4 Rxf4 22. Rc3 Kh8 23. Be2 Bd4 24. Qc1 Rff8 25. Rb3 Qxd5 26. Rd1 Qf7 27.
Qg5 Ng6 28. Rbd3 Nf4 29. Qh4 Nxd3 30. Rxd3 Bxf2+ 31. Kf1 Bb6 0-1

[Event "36. Abierto Ciudad de Sevilla"]
[Site "Sevilla ESP"]
[Date "2011.01.12"]
[Round "6.4"]
[White "Matamoros Franco, Carlos S"]
[Black "Kovacevic, Slobodan"]
[Result "1-0"]
[WhiteElo "2545"]
[BlackElo "2330"]
[PlyCount "93"]
[EventDate "2011.01.07"]
[EventType "swiss"]
[EventRounds "9"]
[EventCountry "ESP"]
[Source "lmi"]
[SourceDate "2011.01.07"]

1. c4 c5 2. g3 Nf6 3. Bg2 e6 4. Nf3 Qc7 5. Nc3 a6 6. O-O d6 7. d4 cxd4 8. Nxd4
Bd7 9. Bg5 Be7 10. Rc1 h6 11. Be3 Ng4 12. Bd2 Qb6 13. Nb3 Bc6 14. e4 Nf6 15.
Be3 Qd8 16. Nd4 O-O 17. f4 Re8 18. e5 dxe5 19. fxe5 Bxg2 20. Kxg2 Nfd7 21. Rxf7
Bg5 22. Bxg5 Qxg5 23. Nf3 Qe3 24. Rf4 Nxe5 25. Nd5 exd5 26. Qxd5+ Kh7 27. Re1
Qb6 28. Nxe5 Nc6 29. Qd3+ Kg8 30. Nd7 Qxb2+ 31. Rf2 Qd4 32. Nf6+ gxf6 33. Qg6+
Kh8 34. Qxh6+ Kg8 35. Qg6+ Kh8 36. Qh6+ Kg8 37. Qg6+ Kh8 38. Rxe8+ Rxe8 39.
Qxe8+ Kg7 40. Rf4 Qd1 41. Kh3 Ne5 42. Qe7+ Kg8 43. Qxf6 Qd7+ 44. Rf5 Nxc4 45.
Qf8+ Kh7 46. g4 Nd6 47. Rh5+ 1-0

[Event "36. Abierto Ciudad de Sevilla"]
[Site "Sevilla ESP"]
[Date "2011.01.12"]
[Round "6.5"]
[White "Garcia Jimenez, Francisco Javier"]
[Black "Corrales Jimenez, Fidel"]
[Result "0-1"]
[WhiteElo "2274"]
[BlackElo "2591"]
[PlyCount "64"]
[EventDate "2011.01.07"]
[EventType "swiss"]
[EventRounds "9"]
[EventCountry "ESP"]
[Source "lmi"]
[SourceDate "2011.01.07"]

1. e4 g6 2. Nc3 Bg7 3. g3 c6 4. Bg2 b5 5. d4 b4 6. Nce2 d6 7. Be3 a5 8. Qd2 Nd7
9. Nh3 Ngf6 10. Bh6 O-O 11. Bxg7 Kxg7 12. O-O Ba6 13. Rfe1 e5 14. c3 Qb6 15. f3
bxc3 16. bxc3 Rfb8 17. Nf2 Qb2 18. Rad1 Qa3 19. Nd3 Bxd3 20. Qxd3 Qxa2 21. Ra1
Qe6 22. f4 a4 23. f5 Qe8 24. h3 g5 25. Ra2 h6 26. Rea1 d5 27. exd5 cxd5 28.
dxe5 Qxe5 29. Nd4 Nc5 30. Qf3 Re8 31. Nb5 Rab8 32. Nd4 Qe3+ 0-1

[Event "36. Abierto Ciudad de Sevilla"]
[Site "Sevilla ESP"]
[Date "2011.01.12"]
[Round "6.7"]
[White "Codenotti, Marco"]
[Black "Lemos, Damian"]
[Result "0-1"]
[WhiteElo "2264"]
[BlackElo "2553"]
[PlyCount "52"]
[EventDate "2011.01.07"]
[EventType "swiss"]
[EventRounds "9"]
[EventCountry "ESP"]
[Source "lmi"]
[SourceDate "2011.01.07"]

1. e4 c6 2. Ne2 d5 3. e5 d4 4. c3 c5 5. b4 Qd5 6. bxc5 d3 7. Qa4+ Nc6 8. Ng3
Qxe5+ 9. Qe4 Nf6 10. Qxe5 Nxe5 11. f4 Ng6 12. Bxd3 Nxf4 13. Bb5+ Bd7 14. O-O
Bxb5 15. Rxf4 e5 16. Rf5 Nd7 17. d4 g6 18. Rf2 Bg7 19. Na3 Bc6 20. d5 Bxd5 21.
Nb5 O-O 22. Nc7 Bc6 23. Nxa8 Rxa8 24. Bb2 Nxc5 25. Rd1 e4 26. Re2 Nd3 0-1

[Event "36. Abierto Ciudad de Sevilla"]
[Site "Sevilla ESP"]
[Date "2011.01.12"]
[Round "6.8"]
[White "Rizouk, Aimen"]
[Black "Stella, Andrea"]
[Result "1/2-1/2"]
[WhiteElo "2539"]
[BlackElo "2361"]
[PlyCount "42"]
[EventDate "2011.01.07"]
[EventType "swiss"]
[EventRounds "9"]
[EventCountry "ESP"]
[Source "lmi"]
[SourceDate "2011.01.07"]

1. e4 c5 2. Nf3 d6 3. d4 cxd4 4. Nxd4 Nf6 5. Nc3 a6 6. Be3 Ng4 7. Bc1 Nf6 8.
Be2 e5 9. Nb3 Be7 10. Be3 Be6 11. O-O O-O 12. Qd2 b5 13. a4 b4 14. Nd5 Nxe4 15.
Nxe7+ Qxe7 16. Qxb4 f5 17. Na5 Rc8 18. Bf3 Nd7 19. Bxe4 fxe4 20. Rfd1 Nc5 21.
Bxc5 Rxc5 1/2-1/2

[Event "36. Abierto Ciudad de Sevilla"]
[Site "Sevilla ESP"]
[Date "2011.01.12"]
[Round "6.11"]
[White "Solic, Kristina"]
[Black "Khamrakulov, Ibragim S"]
[Result "0-1"]
[WhiteElo "2243"]
[BlackElo "2494"]
[PlyCount "76"]
[EventDate "2011.01.07"]
[EventType "swiss"]
[EventRounds "9"]
[EventCountry "ESP"]
[Source "lmi"]
[SourceDate "2011.01.07"]

1. e4 c5 2. Nf3 e6 3. d4 cxd4 4. Nxd4 Qb6 5. Nb3 Nf6 6. Nc3 Bb4 7. Bd3 d5 8.
exd5 Nxd5 9. Bd2 Nxc3 10. bxc3 Be7 11. O-O Nd7 12. Rb1 Qc7 13. Nd4 O-O 14. Nb5
Qb8 15. Qh5 g6 16. Qe2 a6 17. Nd4 Bf6 18. Be4 Qc7 19. Qf3 Rb8 20. Bh6 Bg7 21.
Bxg7 Kxg7 22. Rfd1 Nc5 23. Nb3 Na4 24. Ra1 Nxc3 25. Rd3 Nxe4 26. Qxe4 e5 27.
Rd5 Re8 28. Nc5 b6 29. Qa4 bxc5 30. Qxe8 Be6 31. Rxc5 Qb6 32. Qxb8 Qxb8 33. Ra5
Bc4 34. h3 f6 35. Rc5 Bxa2 36. Rd1 Kh6 37. Rd7 Qb1+ 38. Kh2 Qb6 0-1

[Event "36. Abierto Ciudad de Sevilla"]
[Site "Sevilla ESP"]
[Date "2011.01.12"]
[Round "6.12"]
[White "Lalic, Bogdan"]
[Black "Torres Ventosa, Pedro Eugenio"]
[Result "1/2-1/2"]
[WhiteElo "2491"]
[BlackElo "2290"]
[PlyCount "37"]
[EventDate "2011.01.07"]
[EventType "swiss"]
[EventRounds "9"]
[EventCountry "ESP"]
[Source "lmi"]
[SourceDate "2011.01.07"]

1. d4 Nf6 2. c4 g6 3. Nc3 d5 4. Bg5 Ne4 5. Bh4 Nxc3 6. bxc3 Bg7 7. e3 c5 8.
cxd5 cxd4 9. cxd4 Qxd5 10. Nf3 Nc6 11. Be2 O-O 12. O-O Bf5 13. Qa4 e5 14. dxe5
Nxe5 15. Rfd1 Qe4 16. Qxe4 Bxe4 17. Rac1 Rac8 18. Nd4 Nd3 19. Rxc8 1/2-1/2

[Event "36. Abierto Ciudad de Sevilla"]
[Site "Sevilla ESP"]
[Date "2011.01.12"]
[Round "6.13"]
[White "Komljenovic, Davorin"]
[Black "Burgos Figueroa, Carlos Ernesto"]
[Result "0-1"]
[WhiteElo "2457"]
[BlackElo "2280"]
[PlyCount "110"]
[EventDate "2011.01.07"]
[EventType "swiss"]
[EventRounds "9"]
[EventCountry "ESP"]
[Source "lmi"]
[SourceDate "2011.01.07"]

1. d4 Nf6 2. c4 c5 3. d5 b5 4. cxb5 a6 5. f3 e6 6. e4 c4 7. Bxc4 axb5 8. Bb3
Bb7 9. Nc3 Qb6 10. dxe6 fxe6 11. e5 Ng4 12. Qe2 b4 13. Na4 Rxa4 14. fxg4 Ra5
15. Be3 Bc5 16. Bxc5 Qxc5 17. Nf3 O-O 18. Rd1 Rf4 19. Qf2 Qb5 20. Rd4 Bxf3 21.
Rxf4 Qxe5+ 22. Kf1 Qxf4 23. gxf3 Nc6 24. Kg2 Re5 25. Rd1 h5 26. h3 Re3 27. Rxd7
Nd4 28. Bd1 Rd3 29. Rd8+ Kf7 30. Be2 Rd2 31. Rxd4 Rxd4 32. gxh5 Kf6 33. Qg3
Qxg3+ 34. Kxg3 Kg5 35. Bb5 Rd2 36. h4+ Kxh5 37. Be8+ Kh6 38. Bf7 e5 39. Kg4
Rxb2 40. Kf5 Re2 41. Bd5 Kh5 42. f4 g6+ 43. Kf6 e4 44. Bf7 Kxh4 45. Ke5 e3 46.
Ke4 Rxa2 47. Kxe3 Ra6 48. Ke4 Rb6 49. Bb3 Kg3 50. f5 gxf5+ 51. Kxf5 Rc6 52. Ke4
Rc3 53. Bf7 b3 54. Kd4 b2 55. Bg6 Rc1 0-1

[Event "36. Abierto Ciudad de Sevilla"]
[Site "Sevilla ESP"]
[Date "2011.01.12"]
[Round "6.14"]
[White "Saenz Narciso, Miguel Angel"]
[Black "Fernandez Romero, Ernesto"]
[Result "0-1"]
[WhiteElo "2220"]
[BlackElo "2453"]
[PlyCount "115"]
[EventDate "2011.01.07"]
[EventType "swiss"]
[EventRounds "9"]
[EventCountry "ESP"]
[Source "lmi"]
[SourceDate "2011.01.07"]

1. e4 e6 2. d3 d5 3. Nd2 Nf6 4. g3 b6 5. Bg2 Bb7 6. e5 Nfd7 7. Qe2 c5 8. Ngf3
Nc6 9. O-O g5 10. c4 g4 11. Nh4 Nd4 12. Qxg4 Nxe5 13. Qh5 Nxd3 14. cxd5 Bxd5
15. Ne4 Nxc1 16. Raxc1 Be7 17. Rfe1 O-O 18. Nf3 f6 19. Rcd1 Nxf3+ 20. Bxf3 Qe8
21. Rxd5 exd5 22. Qxd5+ Qf7 23. Nc3 Rae8 24. Qd7 Kh8 25. Re3 Rd8 26. Qxe7 Rd2
27. Qxf7 Rxf7 28. Re2 Rfd7 29. Kf1 Kg7 30. Ke1 R2d4 31. Be4 a6 32. a4 b5 33.
axb5 axb5 34. Bc6 Ra7 35. f3 b4 36. Ne4 Ra1+ 37. Kf2 Rc1 38. Ke3 f5 39. Nxc5
Rd6 40. Nd3 Rcxc6 41. Nxb4 Rc4 42. Nd3 Re6+ 43. Kd2 Rxe2+ 44. Kxe2 Rc2+ 45. Ke3
Rxh2 46. Kf4 Kf6 47. g4 Rd2 48. g5+ Ke6 49. Nc5+ Kd6 50. b4 Rd5 51. Nb7+ Ke6
52. Nc5+ Kf7 53. Ke3 Kg6 54. f4 Kh5 55. Ne6 Rd1 56. Nd4 Kg4 57. Nc2 Rb1 58. Ne1
0-1

[Event "36. Abierto Ciudad de Sevilla"]
[Site "Sevilla ESP"]
[Date "2011.01.12"]
[Round "6.16"]
[White "Teran Alvarez, Ismael"]
[Black "Aranaz Murillo, Amalia"]
[Result "1-0"]
[WhiteElo "2432"]
[BlackElo "2137"]
[PlyCount "53"]
[EventDate "2011.01.07"]
[EventType "swiss"]
[EventRounds "9"]
[EventCountry "ESP"]
[Source "lmi"]
[SourceDate "2011.01.07"]

1. d4 d5 2. c4 c6 3. Nf3 Nf6 4. Nc3 a6 5. c5 g6 6. h3 Bg7 7. Bf4 Bf5 8. e3 Nbd7
9. Nh4 Be6 10. Be2 O-O 11. O-O Re8 12. Nf3 Nf8 13. Qb3 Ra7 14. Nd2 N6d7 15. Na4
f6 16. e4 Kh8 17. exd5 Bxd5 18. Bc4 e6 19. Rfe1 f5 20. Bxd5 exd5 21. Rxe8 Qxe8
22. Nf3 Ne6 23. Re1 Qf7 24. Qe3 Nxf4 25. Qxf4 Bf6 26. Nb6 Nxb6 27. Qb8+ 1-0

[Event "36. Abierto Ciudad de Sevilla"]
[Site "Sevilla ESP"]
[Date "2011.01.12"]
[Round "6.18"]
[White "Barrenechea Bahamonde, Gustavo"]
[Black "Alonso Garcia, Rene Marcial"]
[Result "0-1"]
[WhiteElo "2215"]
[BlackElo "2403"]
[PlyCount "79"]
[EventDate "2011.01.07"]
[EventType "swiss"]
[EventRounds "9"]
[EventCountry "ESP"]
[Source "lmi"]
[SourceDate "2011.01.07"]

1. e4 c5 2. Nf3 d6 3. b4 cxb4 4. d4 Nf6 5. Bd3 g6 6. O-O Bg7 7. a3 bxa3 8. Rxa3
O-O 9. c4 Bg4 10. Bb2 Bxf3 11. Qxf3 Nc6 12. d5 Nb4 13. Bd4 Nd7 14. Bxg7 Kxg7
15. Be2 Qb6 16. Qf4 Qd4 17. Rh3 Kg8 18. Qh4 Nf6 19. Nc3 Rfc8 20. Rd1 Qb6 21. g4
g5 22. Qxg5+ Kh8 23. c5 Qxc5 24. e5 Rg8 25. Qh4 dxe5 26. Ne4 Qc2 27. Nxf6 exf6
28. Qxf6+ Rg7 29. Qxe5 f6 30. Qe3 Rag8 31. Rc1 Qb2 32. Bf3 a5 33. Rh5 a4 34. d6
a3 35. Rc7 Nc2 36. Qe4 Rxg4+ 37. Bxg4 Qb1+ 38. Kg2 Ne1+ 39. Kh3 Qxe4 40. Bf5
0-1

[Event "36. Abierto Ciudad de Sevilla"]
[Site "Sevilla ESP"]
[Date "2011.01.12"]
[Round "6.19"]
[White "Korneev, Oleg"]
[Black "Carretero Ortiz, Francisco"]
[Result "1-0"]
[WhiteElo "2576"]
[BlackElo "2259"]
[PlyCount "54"]
[EventDate "2011.01.07"]
[EventType "swiss"]
[EventRounds "9"]
[EventCountry "ESP"]
[Source "lmi"]
[SourceDate "2011.01.07"]

1. e4 d5 2. exd5 Nf6 3. Nf3 Nxd5 4. d4 Bf5 5. Bd3 Bxd3 6. Qxd3 c6 7. O-O e6 8.
c4 Nf6 9. Nc3 Be7 10. Bf4 O-O 11. Rad1 Nbd7 12. Qe2 Re8 13. Rd3 Qa5 14. Rfd1
Qh5 15. h3 Nf8 16. Qe3 Ng6 17. Bh2 Qa5 18. Ne5 Rac8 19. Bg3 b5 20. b3 Bb4 21.
Qf3 Bxc3 22. Rxc3 Nxe5 23. Bxe5 Nd7 24. cxb5 Nxe5 25. dxe5 Qxb5 26. Rd7 Qxe5
27. Qxf7+ Kh8 1-0